Elementary Indian economics (Record no. 1103)

MARC details
000 -LEADER
fixed length control field 00463cam a2200181ua 4500
008 - FIXED-LENGTH DATA ELEMENTS--GENERAL INFORMATION
fixed length control field 110616n ii |||gr||||Z||||||eng
040 ## - CATALOGING SOURCE
Transcribing agency MAIN
082 ## - DEWEY DECIMAL CLASSIFICATION NUMBER
Classification number 330.954
245 10 - TITLE STATEMENT
Title Elementary Indian economics
Statement of responsibility, etc. by Kewal Krishan Dewett
250 ## - EDITION STATEMENT
Edition statement 21st rev & enl ed.
260 ## - PUBLICATION, DISTRIBUTION, ETC.
Place of publication, distribution, etc. New Delhi:
Name of publisher, distributor, etc. S. Chand,984.
300 ## - PHYSICAL DESCRIPTION
Extent viii, 562p.:
Dimensions 24cm.
700 ## - ADDED ENTRY--PERSONAL NAME
Personal name Dewett, Kewal Krishan,
942 ## - ADDED ENTRY ELEMENTS (KOHA)
Koha item type Books
653 ## - INDEX TERM--UNCONTROLLED
Uncontrolled term Economics
653 ## - INDEX TERM--UNCONTROLLED
Uncontrolled term Indian economy
Holdings
Withdrawn status Lost status Damaged status Not for loan Home library Current library Shelving location Date acquired Total Checkouts Full call number Barcode Date last seen Copy number Price effective from Koha item type
        Central Library, Naharkatiya College Central Library, Naharkatiya College   19/09/2020   330.954 | DEW 2016 19/09/2020 1 19/09/2020 Books
        Central Library, Naharkatiya College Central Library, Naharkatiya College   19/09/2020   330.954 | DEW 2017 19/09/2020 2 19/09/2020 Books

Naharkatiya College © 2020. All rights reserved.

Powered By